Normal view
MARC view
Entry Meeting Name
001 - CONTROL NUMBER
- control field: 6700
003 - CONTROL NUMBER IDENTIFIER
- control field: OSt
005 - DATE AND TIME OF LATEST TRANSACTION
- control field: 20211105132811.0
008 - FIXED-LENGTH DATA ELEMENTS
- fixed length control field: 211105|| aca||aabn | a|a d
040 ## - CATALOGING SOURCE
- Original cataloging agency: OSt
- Transcribing agency: OSt
111 ## - HEADING--MEETING NAME
- Meeting name or jurisdiction name as entry element: International Symposium on Periodic Orbits, Stability and Resonances
- Location of meeting: University of Sao Paulo, Brasil
- Date of meeting or treaty signing: 1969
670 ## - SOURCE DATA FOUND
- Source citation: Work cat.: (OSt): International Symposium on Periodic Orbits, Stability and Resonances University of Sao Paulo, Brasil 1969, Periodic orbits, stability and resonances, 1970